Five Newest Countries by Continent - Statistics

General Stats
  • This quiz has been taken 7,074 times
    6,965 since last reset
  • The average score is 21 of 30
Answer Stats
Continent Country % Correct
Africa South Sudan
94%
Europe Kosovo
90%
South America Guyana
82%
South America Suriname
82%
Europe Montenegro
81%
Europe Serbia
79%
South America Uruguay
77%
South America Chile
76%
South America Ecuador
75%
Oceania Palau
74%
North America St Kitts & Nevis
72%
North America Saint Lucia
71%
North America St Vincent & Grenadines
71%
Oceania Marshall Islands
70%
Europe Slovakia
70%
Asia East Timor
69%
Oceania Kiribati
69%
Asia Tajikistan
69%
Asia Uzbekistan
69%
Oceania Vanuatu
69%
Oceania FS of Micronesia
68%
Asia Turkmenistan
68%
Europe Czech Republic
67%
Asia Kyrgyzstan
67%
North America Antigua & Barbuda
65%
Africa Eritrea
65%
North America Belize
59%
Africa Djibouti
51%
Africa Namibia
39%
Africa Zimbabwe
38%
No matching quizzes found
Score Distribution
Percent of People with Each Score
Percentile by Number Answered
Your Score History
You have not taken this quiz since the last reset